LIBRARY & INFORMATION CENTRE, KCAET, TAVANUR

ONLINE PUBLIC ACCESS CATALOGUE (OPAC)

Surveying and Levelling part-1 / (Record no. 9124)

MARC details
000 -LEADER
fixed length control field 00410cam a2200157ua 4500
003 - CONTROL NUMBER IDENTIFIER
control field OSt
008 - FIXED-LENGTH DATA ELEMENTS--GENERAL INFORMATION
fixed length control field 250502b |||||||| |||| 00| 0 eng d
020 ## - INTERNATIONAL STANDARD BOOK NUMBER
ISBN 8185825114
082 ## - DEWEY DECIMAL CLASSIFICATION NUMBER
Classification number 624.1517
Item number KAN/SU
100 ## - MAIN ENTRY--AUTHOR NAME
Personal name Kanetkar, T P .
245 ## - TITLE STATEMENT
Title Surveying and Levelling part-1 /
260 ## - PUBLICATION, DISTRIBUTION, ETC. (IMPRINT)
Place of publication Poona-2 :
Name of publisher V Griha Prakashan ,
Year of publication 1962.
300 ## - PHYSICAL DESCRIPTION
Number of Pages 616 ; .
700 1# - ADDED ENTRY--PERSONAL NAME
Personal name Kulkarni, S. V .
942 ## - ADDED ENTRY ELEMENTS (KOHA)
Koha item type Books
Holdings
Withdrawn status Lost status Damaged status Home library Current library Date acquired Full call number Accession Number Koha item type Collection code Shelving location
      KAUAET KAUAET 07/04/2012 624.1517 KAN/SU 11294 Books    
      KAUAET KAUAET 07/05/2012 624.1517 KAN/SU 22408 Books Non-fiction General Stacks
      KAUAET KAUAET 07/05/2012 624.1517 KAN/SU 22409 Books Non-fiction Binding Shelf
      KAUAET KAUAET 07/05/2012 624.1517 KAN/SU 22410 Books Non-fiction General Stacks
      KAUAET KAUAET 07/05/2012 624.1517 KAN/SU 22411 Books Non-fiction General Stacks
      KAUAET KAUAET 07/05/2012 624.1517 KAN/SU 22412 Books Non-fiction General Stacks
      KAUAET KAUAET 07/05/2012 624.1517 KAN/SU 22413 Books Non-fiction General Stacks
      KAUAET KAUAET 07/05/2012 624.1517 KAN/SU 22414 Books Non-fiction  
      KAUAET KAUAET 07/05/2012 624.1517 KAN/SU 22415 Books Non-fiction General Stacks
      KAUAET KAUAET 07/05/2012 624.1517 KAN/SU 22416 Books Non-fiction General Stacks
      KAUAET KAUAET 07/05/2012 624.1517 KAN/SU 22417 Books Non-fiction General Stacks
      KAUAET KAUAET 07/05/2012 624.1517 KAN/SU 22418 Books Non-fiction General Stacks
      KAUAET KAUAET 07/05/2012 624.1517 KAN/SU 22419 Books Non-fiction General Stacks
      KAUAET KAUAET 07/05/2012 624.1517 KAN/SU 22420 Books Non-fiction General Stacks
      KAUAET KAUAET 07/05/2012 624.1517 KAN/SU 22421 Books Non-fiction Binding Shelf
      KAUAET KAUAET 07/05/2012 624.1517 KAN/SU 22422 Books Non-fiction General Stacks
      KAUAET KAUAET 07/05/2012 624.1517 KAN/SU 22423 Books Non-fiction General Stacks
      KAUAET KAUAET 07/05/2012 624.1517 KAN/SU 22424 Books Non-fiction General Stacks
      KAUAET KAUAET 07/05/2012 624.1517 KAN/SU 22425 Books Non-fiction General Stacks
      KAUAET KAUAET 07/05/2012 624.1517 KAN/SU 22426 Books Non-fiction General Stacks
      KAUAET KAUAET 07/05/2012 624.1517 KAN/SU 22427 Books Non-fiction General Stacks
free website counter